Séries de meubles dans les jeux Animal Crossing - Statistiques

Statistiques générales
  • Ce quiz a été pris 55 fois
  • Le résultat moyen est 19 sur 71
Statistiques - réponses
Réponse % Correct
Bois
67%
Rococo
59%
Sirène
57%
Moderne
54%
Or
48%
Coeur
46%
Enfant
46%
Halloween
46%
Carla
41%
Fer
41%
Fleur
41%
Oeuf
41%
Ranch
41%
Bleue
39%
Glace
39%
Princesse
39%
Rotin
37%
Royale
37%
Rustique
37%
Bois moderne
35%
Design
35%
Minimaliste
35%
Nordique
35%
Verte
35%
Bonbons
33%
Carnaval
33%
Festive
33%
Teck
33%
Champi
30%
Négligée
30%
Robot
30%
Somptueuse
30%
Astro
28%
Ballons
28%
Bambou
28%
Chalet
28%
Dindon
28%
Mimi
28%
Hello Kitty
26%
Bois de Fer
24%
Yétiti
24%
Cartes
22%
Jonc
22%
Patchwork
22%
A pois rouges
20%
Blocs de bois
20%
Etoile
20%
Fruits des bois ou feuille
20%
Mariage
20%
Pirate
20%
Rayures
20%
Zen
17%
Ancienne
15%
Carton
15%
Cinnamoroll
15%
De maman
15%
Kiki & Lala
15%
My Melody
15%
Tronc
15%
Coquillages
13%
Fleur de cerisier
13%
Années 50
11%
Lugubre
9%
Pompompurin
9%
Arctique
7%
Fueki
7%
Impériale
7%
Joli Rêve
7%
Kerokerokeroppi
7%
Nostalgique
4%
Cristal
2%
Aucun quiz correspondant
Distribution des résultats
% des personnes avec chaque résultat
Percentile par nombre de réponses
Votre historique - résultats
Vous n’avez pas pris ce quiz